| 000 | 00456nam a2200181Ia 4500 | ||
|---|---|---|---|
| 008 | 230524s9999 xx 000 0 und d | ||
| 020 | _a812190546X | ||
| 082 |
_a540 _bBAH |
||
| 100 | _aB.S Bahl | ||
| 245 | 0 | _aEssential of Physical Chemistry (Revised-1040p) | |
| 250 | _a14TH | ||
| 260 |
_aNEW DELHI _bS Chand _c2005 |
||
| 300 | _a1040 | ||
| 500 | _aQuantity Number: 37 | ||
| 650 | _aChemistry | ||
| 700 | _a"G.D.Tuli , Arun Bahl,,," | ||
| 942 | _cBK | ||
| 999 |
_c12471 _d12471 |
||